Pesticide chemistry, human welfare and the environment : proceedings of the 5th International Congress of Pesticide Chemistry, Kyoto, Japan, 29 August-4 September 1982 /

Bibliographic Details
Corporate Authors: International IUPAC Congress of Pesticide Chemistry Kyoto, Japan, International Union of Pure and Applied Chemistry. Applied Chemistry Division, Nihon Gakujutsu Kaigi, Nihon Nōyaku Gakkai, Nihon Shokubutsu Bōeki Kyōkai
Other Authors: Miyamoto, J. (Junshi), Kearney, P. C. (Philip C.), 1932-
Format: Conference Proceeding Book
Language:English
Published: Oxford ; New York : Pergamon Press, 1983.
Edition:1st ed.
Series:IUPAC symposium series.
Subjects:

MARC

Tag First Indicator Second Indicator Subfields
LEADER 00000cam a2200000 a 4500
001 in00000760913
005 20151017051400.0
008 821221s1983 enka b 10110 eng
010 |a  82024602  
020 |a 0080292194 (set) :  |c $390.00 
035 |a (OCoLC)09133216 
035 |9 ADK6009AM 
039 0 |a 2  |b 3  |c 3  |d 3  |e 3 
040 |a DLC  |c DLC  |d OCL  |d TXA  |d UtOrBLW 
049 |a TXAM  |c 1  |v 1 [776847]  |v 2 [776848]  |v 3 [776849]  |v 4 [776850]  |c 2  |v 1 [273463]  |v 2 [273464]  |v 3 [273465]  |v 4 [273466] 
050 0 0 |a SB950.93  |b  I57 1982 
060 0 0 |a W3 IN54K 5th 1982p  |a WA 240 I6123 1982p 
082 0 |a 632/.95  |2 19 
111 2 |a International IUPAC Congress of Pesticide Chemistry  |n (5th :  |d 1982 :  |c Kyoto, Japan) 
245 1 0 |a Pesticide chemistry, human welfare and the environment :  |b proceedings of the 5th International Congress of Pesticide Chemistry, Kyoto, Japan, 29 August-4 September 1982 /  |c editors-in-chief, J. Miyamoto and P.C. Kearney. 
250 |a 1st ed. 
264 1 |a Oxford ;  |a New York :  |b Pergamon Press,  |c 1983. 
300 |a 4 volumes :  |b illustrations ;  |c 28 cm. 
336 |a text  |b txt  |2 rdacontent 
337 |a unmediated  |b n  |2 rdamedia 
338 |a volume  |b nc  |2 rdacarrier 
490 1 |a IUPAC symposium series 
500 |a At head of title: International Union of Pure and Applied Chemistry. Applied Chemistry Division. 
500 |a Congress organized by The Science Council of Japan, Pesticide Science Society of Japan, and the Japan Plant Protection Association. 
504 |a Includes bibliographical references and indexes. 
505 0 |a v. 1. Synthesis and structure-activity relationships / volume editors, P. Doyle and T. Fujita -- v. 2. Natural products / volume editors, N. Takahashi ... [et al.] -- v. 3. Mode of action, metabolism, and toxicology / volume editors, S. Matsunaka, D.H. Hutson, S.D. Murphy -- v. 4. Pesticide residues and formulation chemistry / volume editors, R. Greenhalgh and N. Drescher. 
650 0 |a Pesticides  |v Congresses. 
650 2 |a Pesticides  |x Congresses. 
650 2 |a Pesticide Residues  |x Congresses. 
650 2 |a Toxicology  |x congresses. 
650 2 |a Pests  |x prevention & control  |x Congresses. 
700 1 |a Miyamoto, J.  |q (Junshi) 
700 1 |a Kearney, P. C.  |q (Philip C.),  |d 1932- 
710 2 |a International Union of Pure and Applied Chemistry.  |b Applied Chemistry Division. 
710 2 |a Nihon Gakujutsu Kaigi. 
710 2 |a Nihon Nōyaku Gakkai. 
710 2 |a Nihon Shokubutsu Bōeki Kyōkai. 
830 0 |a IUPAC symposium series. 
999 |a MARS 
999 f f |s 19eff11e-fd19-3af8-8099-c2ab9bf0594e  |i 65d4224e-c746-36d0-b311-86ee200ac81b  |t 0 
952 f f |p ric  |a Texas A&M University  |b Rellis Campus  |c Joint Library Facility  |d Remote Storage  |t 0  |e SB950.93 I57 1982  |h Library of Congress classification  |i unmediated -- volume  |k v.2  |m A14807885987 
952 f f |p ric  |a Texas A&M University  |b Rellis Campus  |c Joint Library Facility  |d Remote Storage  |t 0  |e SB950.93 I57 1982  |h Library of Congress classification  |i unmediated -- volume  |k v.3  |m A14807886048 
952 f f |p ric  |a Texas A&M University  |b Rellis Campus  |c Joint Library Facility  |d Remote Storage  |t 0  |e SB950.93 I57 1982  |h Library of Congress classification  |i unmediated -- volume  |k v.2  |m A14808051052 
952 f f |p ric  |a Texas A&M University  |b Rellis Campus  |c Joint Library Facility  |d Remote Storage  |t 0  |e SB950.93 I57 1982  |h Library of Congress classification  |i unmediated -- volume  |k v.1  |m A14808051044 
952 f f |p ric  |a Texas A&M University  |b Rellis Campus  |c Joint Library Facility  |d Remote Storage  |t 0  |e SB950.93 I57 1982  |h Library of Congress classification  |i unmediated -- volume  |k v.4  |m A14808051078 
952 f f |p ric  |a Texas A&M University  |b Rellis Campus  |c Joint Library Facility  |d Remote Storage  |t 0  |e SB950.93 I57 1982  |h Library of Congress classification  |i unmediated -- volume  |k v.4  |m A14807886103 
952 f f |p ric  |a Texas A&M University  |b Rellis Campus  |c Joint Library Facility  |d Remote Storage  |t 0  |e SB950.93 I57 1982  |h Library of Congress classification  |i unmediated -- volume  |k v.3  |m A14808051060 
952 f f |p ric  |a Texas A&M University  |b Rellis Campus  |c Joint Library Facility  |d Remote Storage  |t 0  |e SB950.93 I57 1982  |h Library of Congress classification  |i unmediated -- volume  |k v.1  |m A14807885929 
998 f f |a SB950.93 I57 1982  |s v.1-v.4  |t 0  |l Remote Storage